New Jersey Devils Players - Statistics

General Stats
  • This quiz has been taken 95 times
  • The average score is 13 of 26
Answers on the Grid
Answers color-coded by a green-red scale on the quiz's grid according to % correct below.
Nathan Bastian
Quinn Hughes
Jesper Bratt
Auston Matthews
Paul Cotter
Macklin Celebrini
Justin Dowling
Brock Boeser
Mike Hardman
Nick Suzuki
Erik Haula
Brendan Smith
Nico Hischier
Alexander Holtz
Jack Hughes
Mitch Marner
Curtis Lazar
Sidney Crosby
Nathan Legare
Trevor Zegras
Kurtis MacDermid
Tyler Myers
Timo Meier
Mackenzie Blackwood
Dawson Mercer
Kevin Bahl
Stefan Noesen
Tyler Toffoli
Ondrej Palat
Miles Wood
Tomas Tatar
John Marino
Nick DeSimone
TY Smith
Brenden Dillon
Ryan Graves
Dougie Hamilton
Tage Thompson
Santeri Hatakka
Damon Severson
Luke Hughes
Vince Dunn
Johnathan Kovacevic
Nico Daws
Brett Pesce
Matt Boldy
Jonas Siegenthaler
Roman Josi
Jake Allen
William Nylander
Jacob Markstrom
Tom Wilson
 
Answer Stats
Answer % Correct
Jesper Bratt
90%
Nathan Bastian
85%
Paul Cotter
85%
Erik Haula
80%
Nico Hischier
78%
Jack Hughes
68%
Curtis Lazar
61%
Timo Meier
61%
Dawson Mercer
59%
Justin Dowling
59%
Ondrej Palat
56%
Stefan Noesen
54%
Dougie Hamilton
51%
Luke Hughes
51%
Tomas Tatar
51%
Brenden Dillon
46%
Kurtis MacDermid
44%
Johnathan Kovacevic
41%
Brett Pesce
39%
Jake Allen
37%
Jacob Markstrom
32%
Jonas Siegenthaler
27%
Nathan Legare
24%
Nick DeSimone
20%
Santeri Hatakka
20%
Mike Hardman
17%
No matching quizzes found
Score Distribution
Percent of People with Each Score
Percentile by Number Answered
Your Score History
You have not taken this quiz